| 000 | 01066nam0a22002411 4500 | ||
|---|---|---|---|
| 001 | rc\547743 | ||
| 005 | 20030616170021.6 | ||
| 035 | _a(NLR Aleph) 005784004 | ||
| 090 |
_a5136135 _c5136135 |
||
| 100 | _a20030616d1988 u |0rusy50 ca | ||
| 101 | 0 | _arus | |
| 102 | _aRU | ||
| 105 | _aa ||||||||| | ||
| 200 | 1 |
_aГрафические диалоговые средства САПР _e[Учеб. пособие для спец. "Системы автоматизир. проектирования"] _fМ-во высш. и сред. спец. образования УССР, Учеб.-метод. каб. по высш. образованию, Киев. политехн. ин-т им. 50-летия Великой Окт. соц. революции |
|
| 210 |
_aКиев _cУМКВО _d1988 |
||
| 215 |
_a179 с. _cил. _d20 |
||
| 320 | _aБиблиогр.: с. 177-178 (17 назв.) | ||
| 700 | 1 |
_aЦурин _bО. Ф. _gОлег Филиппович |
|
| 801 | 0 |
_aRU _bNLR _gpsbo |
|
| 801 | 1 |
_aRU _bELAR _2rusmarc |
|
| 852 |
_aNLR _j89-3/3128 |
||
| 942 | _cBOOK | ||
| 980 | _aNB | ||